00381nam a22001457a 4500003000400000005001700004008004100021020001800062040000900080082001500089100001800104245006700122260003800189300000800227OSt20210104114523.0191104b ||||| |||| 00| 0 eng d a9788192829548 coclc a954bMEE/S aMeerakkutty P aSabarimala Sree Ayyappanum Mattu Padanangalum /cP Meerakkutty aCalicut:bHaritham Books, c2018. a98p